1765 1975 1038 1725 1699 1750 1003 1486 1471 1112 1724 1875 1981 1376 1548 1854 1919 1915 1387 1659 1760 1057 1002 1388 1225 1487 1577 1354 1948 1444 1466 1808 1125 1342 1360 1599 1410 1884 1200 1885 1773 1374 1733 1908 1458 1176 1648 1309 1707 1285 1653 1188 1541 1475 1344 1167 1733 1467 1268 1146 1726 1650 1307 1146 1611 1082 1316 1327 1342 1599 1162 1805 1306 1360 1646 1301 1830 1745 1911 1152 1322 1786 1505 1495 1915 1534 1859 1973 1610 1740 1841 1627 1993 1808 1262 1425 1194 1222 1323 BCNSPRNW ULIB Ver.6.0+V

เปลี่ยนเป็นภาษาไทย

Change to English
 แสดงรายละเอียดบรรณานุกรม
  กลับหน้าหลัก

Brief Record : Get Marc (ISO 2709) : E-mail record : QR code < ปิดหน้าต่าง
LEADER : 00000nam 2200000uu 4500
001    13399127833
003     ULIB
008    211008s2563||||th 000 0 tha d
020    ^a9786165727747
060    ^aWY152^bอ187ก
100    ^aอนุชา ไทยวงษ์
245    ^aกลเม็ดเคล็ด (ไม่) ลับ กับการพยาบาลผู้ใหญ่ by อจอนช/^cอนุชา ไทยวงษ์
250    พิมพ์ครั้งที่ ^a2(ฉบับปรับปรุง)
260    ^aนครราชสีมา :^b^aโคราชอิงค์เจ็ท 2010,^c2563
300    ^a192 หน้า^bภาพประกอบ, ตาราง
505 0  ^a--^tบทที่ 1 การพยาบาลผู้ป่วยที่มีความผิดปกติทางนรีเวช--^tบทที่ 2 การพยาบาลผู้ป่วยที่มีความผิดปกติของหัวใจและหลอดเลือด--^tบทที่ 3 การพยาบาลผู้ป่วยที่มีความผิดปกติของทางเดินหายใจและการแลกเปลี่ยนแก๊ส--^tบทที่ 4 การพยาบาลผู้ป่วยที่มีความผิดปกติของเลือดและส่วนประกอบของเลือด--^tบทที่ 5 การพยาบาลผู้ป่วยที่มีความผิดปกติของต่อมไร้ท่อ--^tบทที่ 6 การพยาบาลผู้ป่วยที่มีความผิดปกติของตา หู คอ และจมูก--^tบทที่ 7 การพยาบาลผู้ป่วยที่มีความผิดปกติของระบบประสาท--^tบทที่ 8 การพยาบาลผู้ป่วยที่มีความผิดปกติของกระดูก ข้อ และกล้ามเนื้อ--^tบทที่ 9 การพยาบาลผู้ป่วยที่มีเซลล์เจริญเติบโตผิดปกติ--^tบทที่ 10 การพยาบาลผู้ป่วยที่มีความผิดปกติของระบบทางเดินปัสสาวะ
505 0  ^a--^tบทที่ 11 การพยาบาลผู้ป่วยที่มีความผิดปกติระบบทางเดินอาหาร--^tบทที่ 12 การพยาบาลผู้ป่วยที่มีความผิดปกติของสมดุลน้ำและเกลือแร่--^tบทที่ 13 การพยาบาลผู้ป่วยที่มีปัญหาโรคเขตร้อน โรคติดต่อ และโรคอุบัติใหม่--^tบทที่ 14 การพยาบาลผู้ป่วยที่มีความผิดปกติของภูมิคุ้มกัน--^tบทที่ 15 การพยาบาลผู้ป่วยฉุกเฉิน บาดเจ็บ และสาธารณภัย
650    ^aการพยาบาลผู้ใหญ่
650  0 ^aผู้ใหญ่
650  0 ^aภูมิคุ้มกัน
945    ^p168^l0^i28953
945    ^p168^l0^i28954
945    ^p168^l0^i28955
945    ^p168^l0^i28956
945    ^p168^l0^i28957
999    ^aกัณชพร จุลอักษร
รายการนี้ยังไม่มีแท็ก
คุณยังไม่ได้ล็อกอิน คุณสามารถมีกิจกรรมร่วมกับเว็บไซต์ได้ แต่ต้องล็อกอินก่อน ::
  ล็อกอิน

รายการสื่อสารสนเทศ

ลำดับที่ ประเภท เลขเรียก/บาร์โค้ด สถานที่ สถานะ
1. หนังสือสำรอง
หนังสือสำรอง
WY152 อ187ก ฉ.1 
  Barcode: 28953
ห้องสมุดวิทยาเขตนครสวรรค์
►หนังสือทั่วไป:l:General Books
บนชั้น
2. วิทยาศาสตร์การแพทย์ และสุขภาพ
วิทยาศาสตร์การแพทย์ และสุขภาพ
WY152 อ187ก ฉ.2 
  Barcode: 28954
ห้องสมุดวิทยาเขตนครสวรรค์
►หนังสือทั่วไป:l:General Books
บนชั้น
3. วิทยาศาสตร์การแพทย์ และสุขภาพ
วิทยาศาสตร์การแพทย์ และสุขภาพ
WY152 อ187ก ฉ.3 
  Barcode: 28955
ห้องสมุดวิทยาเขตนครสวรรค์
►หนังสือทั่วไป:l:General Books
บนชั้น
4. วิทยาศาสตร์การแพทย์ และสุขภาพ
วิทยาศาสตร์การแพทย์ และสุขภาพ
WY152 อ187ก ฉ.4 
  Barcode: 28956
ห้องสมุดวิทยาเขตนครสวรรค์
►หนังสือทั่วไป:l:General Books
บนชั้น
5. วิทยาศาสตร์การแพทย์ และสุขภาพ
วิทยาศาสตร์การแพทย์ และสุขภาพ
WY152 อ187ก ฉ.5 
  Barcode: 28957
ห้องสมุดวิทยาเขตนครสวรรค์
►หนังสือทั่วไป:l:General Books
บนชั้น

รายการใกล้เคียง
    ผู้แต่ง [อนุชา ไทยวงษ์]

    หัวเรื่อง [การพยาบาลผู้ใหญ่]
    หัวเรื่อง [ผู้ใหญ่]
    หัวเรื่อง [ภูมิคุ้มกัน]

BibComment


ยังไม่เคยถูกคอมเมนท์

คอมเมนท์ทรัพยากรรายการนี้
  คอมเมนท์: กลเม็ดเคล็ด ไม่ ..


 Copyright 2026. Bcnsprnw @Library